000
00309nam a2200121Ia 4500
008
190216s9999||||xx |||||||||||||| ||und||
100
_a
Jeevanandam
245
0
_a
Objective Type Questions In Banking Law And Practice
260
_b
Premier Pub House
_c
1983
300
_a
74p
650
_a
Banking
942
_c
REF
999
_c
35436
_d
35436